| 000 | 00910nam a22002177a 4500 | ||
|---|---|---|---|
| 005 | 20100823123651.0 | ||
| 010 | _aENG-101336 | ||
| 020 |
_a9788184701708 _c300.00 |
||
| 035 | _aEN-84869 | ||
| 037 | _bDBAD/PUB | ||
| 082 | _a304.2 | ||
| 245 |
_aReading himalayan landscapes over time : _benviromental perception, knoweldge and practice in Napal and Ladkh / _cedited by Joelle Smadja ; transleted by Bernadette sellers |
||
| 260 |
_aTamil Chair _bInstitute Francais De Pondichery _c2009 |
||
| 300 |
_axii, 671 p. _c24cm (Pbk) |
||
| 490 |
_aCollection Sciences Sociales no 14 _917204 |
||
| 500 | _aIncludes bibliographical references and index | ||
| 700 |
_aSmadja, Joelle _916294 |
||
| 700 |
_asellers, Bernadette _916295 |
||
| 942 |
_2ddc _cEN _h304.2 _mREA |
||
| 999 |
_c42996 _d42996 |
||